GATE papers including practice/ (Record no. 2277)

MARC details
000 -LEADER
Fixed length control field 00399nam a2200157 4500
003 - CONTROL NUMBER IDENTIFIER
Control field SEACOMEC
005 - DATE AND TIME OF LATEST TRANSACTION
Control field 20250508141428.0
008 - FIXED-LENGTH DATA ELEMENTS--GENERAL INFORMATION
Fixed length control field 250508b |||||||| |||| 00| 0 eng d
020 ## - INTERNATIONAL STANDARD BOOK NUMBER / ISBN
Price 220.00
040 ## - CATALOGING SOURCE
Original cataloging agency SEACOMEC
082 ## - DEWEY DECIMAL CLASSIFICATION NUMBER
Classification number 621.042
Book Number G732
110 ## - AIN ENTRY--CORPORATE NAME
Corporate name GK Publications
245 ## - TITLE STATEMENT
Title GATE papers including practice/
Statement of responsibility g k publication
260 ## - IMPRINT
Place of publication UP :
Name of publisher GK Publications,
Date of publication 2009
942 ## - ADDED ENTRY ELEMENTS (KOHA)
Koha item type Books
Holdings
Withdrawn status Lost status Source of classification Damaged status Not for loan Home library Current library Date acquired Total Checkouts Call number Accession number Date last seen Price effective from Koha item type
    Dewey Decimal Classification     SEACOM ENGINEERING COLLEGE SEACOM ENGINEERING COLLEGE 20/04/2010   621.042 G732 17042 08/05/2025 08/05/2025 Reference Books
© Seacom Engineering College, All rights reserved.      Powered by Koha